LEADER 00925nam0-22002771i-450- 001 990000410020403321 005 20001010 035 $a000041002 035 $aFED01000041002 035 $a(Aleph)000041002FED01 035 $a000041002 100 $a20001010d--------km-y0itay50------ba 101 0 $aita 105 $ay-------001yy 200 1 $aHandbook of Fire and Explotion Protection Engineering Principles for Oil, Gas, Chemical, and Related Facilities$fbyDennis P. Nolan. 210 $aWestwood$cNoyes Publications$d1996 215 $aXIX , 291 p., ill., 29 cm 700 1$aNolan,$bDennis P.$023146 801 0$aIT$bUNINA$gRICA$2UNIMARC 901 $aBK 912 $a990000410020403321 952 $a04 004-319$bGNR 52/L$fDINCH 959 $aDINCH 996 $aHandbook of Fire and Explotion Protection Engineering Principles for Oil, Gas, Chemical, and Related Facilities$9328249 997 $aUNINA DB $aING01